000 00695nam a22002417a 4500
003 UA-OsUOA
001 100322
007 ta
008 20130527b un ||||| |||| 00| 0 ukr d
100 _aЧапек К.
090 _a821.162.3
_bУ-19
942 _cBK
040 _aUA-OsUOA
_brus
_cUA-OsUOA
_dUA-OsUOA
245 _aТвори в двух томах
_b2
_cГордубал. П'єси. оповідання. Афоризми та баєчки
300 _a510 с.
955 _a3
041 _arus
080 _a821.162.3
260 _aК.
_bДніпро
_c1987
044 _aRU
650 7 _a82 Література. Літературознавство
_2UDC
999 _c386560
_d386560